000 00692nam a2200265Ia 4500
005 20260121170654.0
008 008 260114s9999 xx 000 0 eng d
020 _a9783319923123
037 _aEBOOK
040 _aCRL
040 _beng
040 _cCRL
041 _2eng
041 _aeng
084 _qCRL
100 _aYe Ouyang, Mantian Hu, Alexis Huet, Zhongyuan Li
_91066762
245 0 _aMining Over Air: Wireless Communication Networks Analytics
260 _bSpringer
260 _bSpringer
260 _c2018
856 _uhttps://link.springer.com/openurl?genre=book&isbn=978-3-319-92312-3
942 _cEBOOK
999 _c1632492
_d1632492